000 00373nam a22001697a 4500
003 OSt
008 250403b |||||||| |||| 00| 0 eng d
020 _a9789388302111
082 _a158.1 KIG
100 _aKING,Vex
245 _aGood Vibes,Good Life
250 _aRep
260 _aNew Delhi
_bHay House
_c2024
300 _a275
650 _aGeneral
942 _2ddc
_cBK
999 _c13223
_d13223